| 000 | 00000nam 2200000za 4500 |
| 001 | 9.591288 |
| 003 | CaOODSP |
| 005 | 20210624200546 |
| 007 | cr ||||||||||| |
| 008 | 150406s2003||||xxc|||||o f|0| 0 fre d |
| 020 | |a0-662-88965-7 |
| 040 | |aCaOODSP|bfre |
| 043 | |an-cn--- |
| 086 | 1 |aCW69-14/289-2003F-IN |
| 110 | 2 |aService canadien de la faune. |
| 245 | 10|aÉvaluation et rapport de situation du COSEPAC sur le saumon coho, Oncorhynchus kisutch, population du Fraser intérieur, au Canada |h[ressource électronique]. |
| 260 | |aOttawa - Ontario : |bEnvironnement Canada, |c2003. |
| 300 | |a47 p.|bill. en couleur, figures, références, tableaux |
| 500 | |a« Espèce en voie de disparition du Canada, 2002. » |
| 500 | |aPubl. aussi en anglais sous le titre : COSEWIC assessment and status report on the Coho salmon, Oncorhynchus kisutch, Interior Fraser population, in Canada. |
| 590 | |a07-03-Supp|b2007-04-05 |
| 691 | 07|aEspèce menacée|2gcpds |
| 691 | 07|aPoisson|2gcpds |
| 775 | 08|tCOSEWIC assessment and status report on the Coho salmon, Oncorhynchus kisutch, Interior Fraser population, in Canada |w(CaOODSP)9.558445 |
| 794 | |tÉvaluation et rapport de situation du COSEPAC sur le saumon coho, Oncorhynchus kisutch, population du Fraser intérieur, au Canada |w(CaOODSP)9.833124 |
| 856 | 40|ahttp://publications.gc.ca|qPDF|s695 Ko|uhttps://publications.gc.ca/collections/Collection/CW69-14-289-2003F.pdf |